| 000 | 00345nam a2200109Ia 4500 | ||
|---|---|---|---|
| 008 | 171211s9999 xx 000 0 und d | ||
| 245 | _aEncyclopedia of Human Evolution and Prehistory | ||
| 245 | _cEric Delson and Ian Tattersall | ||
| 260 | _c2000 | ||
| 650 | _xEncyclopedia and Dictionary | ||
| 856 | _uhttp://down.ebook777.com/057/0815316968.pdf | ||
| 999 |
_c350173 _d350173 |
||